| 000 | 00984nam a22003137a 4500 | ||
|---|---|---|---|
| 001 | 297048 | ||
| 003 | OSt | ||
| 005 | 20210423062639.0 | ||
| 008 | 851010s1969 enk 000 1 eng | ||
| 010 | _a 71482158 | ||
| 015 | _aB69-23033 | ||
| 020 | _a304934186 | ||
| 040 |
_aDLC _cDLC _dDLC |
||
| 041 | _aeng | ||
| 050 | 0 | 0 |
_aPZ4.C6225 _bHag _aPR6053.L38 |
| 080 |
_a821.111 _bH-15 |
||
| 082 | 0 | 0 | _a823/.9/14 |
| 100 | 1 | _aHaggard, William. | |
| 245 | 1 | 0 |
_aHaggard for your holiday: _bthree complete novels, _cby William Haggard. |
| 260 |
_aLondon, _bCassell, _c1969. |
||
| 300 |
_a[7], 566 p. _c21 cm. |
||
| 505 | 0 | _aThe arena.--The unquiet sleep.--The hard sell. | |
| 650 | 0 |
_aGovernment investigators _zGreat Britain _xFiction. |
|
| 650 | 0 | _aDetective and mystery stories, English. | |
| 650 | 0 | _aPolitical fiction, English. | |
| 653 | _aინგლისური ლიტერატურა | ||
| 906 |
_a7 _bcbc _corignew _d4 _encip _f19 _gy-gencatlg |
||
| 942 |
_2udc _cBK |
||
| 999 |
_c1561 _d1561 |
||